Ochranné, řídicí a sdělovací přístroje v elektrisačních soustavách : 1. Relé, regulátory a fázovače pro generátory a transformátory

Salvato in:
Dettagli Bibliografici
Autore principale: Postler, Ladislav (Autore)
Natura: Libro
Lingua:ceco
Pubblicazione: Praha : SNTL, 1961
Edizione:2. vyd.
Tags: Aggiungi Tag
Nessun Tag, puoi essere il primo ad aggiungerne!!

MARC

LEADER 00000nam a22000003a 4500
001 stu53312
005 20150617225702.6
008 000427s1961----cs------------------cze-d
040 |a STU  |b slo 
041 0 |a cze 
044 |a cs 
080 |a 621.316.7 
080 |a 621.318.5 
080 |a 621.314.2  |7 stu_us_auth*stu7875 
100 1 |a Postler, Ladislav  |4 aut 
245 1 |a Ochranné, řídicí a sdělovací přístroje v elektrisačních soustavách :  |b 1. Relé, regulátory a fázovače pro generátory a transformátory 
250 |a 2. vyd. 
260 |a Praha :  |b SNTL,  |c 1961 
300 |a 478 s 
996 |b 284EK04151  |c E*234  |l EE01  |s A  |a 24  |w stu53312_0001